Ciudades de México por código IATA - Estadísticas

Estadísticas generales
  • Esta prueba ha sido intentada 50 veces
  • La puntuación promedio es 12 de 21
Estadísticas de respuestas
Código IATA Ciudad % Correcto
ACA Acapulco
97%
MEX Ciudad de México
85%
GDL Guadalajara
85%
MTY Monterrey
85%
TIJ Tijuana
85%
VER Veracruz
82%
CUN Cancún
79%
MER Mérida
79%
MZT Mazatlán
64%
HMO Hermosillo
59%
SLP San Luis Potosí
56%
TLC Toluca
56%
PBC Puebla
51%
BJX Guanajuato
38%
REX Reynosa
33%
TGZ Tuxtla Gutiérrez
31%
VSA Villahermosa
31%
CUU Chihuahua
26%
TQO Tulum
21%
CME Ciudad del Carmen
15%
PCM Playa del Carmen
5%
No se encontraron pruebas coincidentes
Distribución de puntuación
Porcentaje de gente con cada puntuación
Porcentaje por número respondido
Historial de tus puntuaciones
No has intentado esta prueba.